Giáo trình bố cục T.2
KR408 Bố cục tạo hình; KR026 Đồ án bố cục tạo hình
Đã lưu trong:
| Príomhúdar: | |
|---|---|
| Formáid: | Leabhar |
| Teanga: | Undetermined |
| Foilsithe: |
H.
ĐHSP
2005
|
| Ábhair: | |
| Rochtain Ar Líne: | http://lrc.tdmu.edu.vn/opac/search/detail.asp?aID=2&ID=5533 |
| Clibeanna: |
Cuir Clib Leis
Gan Chlibeanna, Bí ar an gcéad duine leis an taifead seo a chlibeáil!
|
| Thư viện lưu trữ: | Trung tâm Học liệu Trường Đại học Thủ Dầu Một |
|---|
| LEADER | 00681nam a2200217Ia 4500 | ||
|---|---|---|---|
| 001 | TDMU_5533 | ||
| 008 | 210410s9999 xx 000 0 und d | ||
| 082 | |a 701 | ||
| 090 | |b Đ104 | ||
| 100 | |a Đàm, Luyện | ||
| 245 | 0 | |a Giáo trình bố cục | |
| 245 | 0 | |c Đàm Luyện | |
| 245 | 0 | |n T.2 | |
| 260 | |a H. | ||
| 260 | |b ĐHSP | ||
| 260 | |c 2005 | ||
| 300 | |a 211tr. | ||
| 520 | |a KR408 Bố cục tạo hình; KR026 Đồ án bố cục tạo hình | ||
| 650 | |a Mĩ thuật |x Bố cục |v Giáo trình | ||
| 856 | |u http://lrc.tdmu.edu.vn/opac/search/detail.asp?aID=2&ID=5533 | ||
| 980 | |a Trung tâm Học liệu Trường Đại học Thủ Dầu Một | ||